Escuchar a las víctimas (Record no. 186205)

MARC details
000 -LEADER
campo de control de longitud fija 01036nam a2200277 i 4500
001 - NÚMERO DE CONTROL
campo de control 186205
003 - IDENTIFICADOR DE NÚMERO DE CONTROL
campo de control SpMaBN
005 - FECHA Y HORA DE LA ÚLTIMA TRANSACCIÓN
campo de control 20231210130524.0
008 - DATOS DE LONGITUD FIJA--INFORMACIÓN GENERAL
campo de control de longitud fija 160919s2016 sp d |||| | spa d
020 ## - NÚMERO INTERNACIONAL ESTÁNDAR DEL LIBRO
Número Internacional Estándar del Libro 978-84-9086-554-5
080 ## - NÚMERO DE LA CLASIFICACIÓN DECIMAL UNIVERSAL
Número de la Clasificación Decimal Universal 343.988(460)
100 1# - ENTRADA PRINCIPAL--NOMBRE DE PERSONA
Nombre de persona Daza Bonachela, María del Mar.
9 (RLIN) 160908
245 10 - MENCIÓN DEL TÍTULO
Título Escuchar a las víctimas
Resto del título : victimología, derecho victimal y atención a las víctimas /
Mención de responsabilidad, etc. María del Mar Daza Bonachela ; prólogo, María José Jiménez Díaz ; nota introductoria, José Miguel Ayllón Camacho.
260 ## - PUBLICACIÓN, DISTRIBUCIÓN, ETC.
Lugar de publicación, distribución, etc. Valencia :
Nombre del editor, distribuidor, etc. Tirant lo Blanch,
Fecha de publicación, distribución, etc. 2016.
300 ## - DESCRIPCIÓN FÍSICA
Extensión 501 p. :
Otras características físicas gráf. ;
Dimensiones 22 cm.
490 1# - MENCIÓN DE SERIE
Mención de serie Tirant monografías ;
Designación de volumen o secuencia 994
500 ## - NOTA GENERAL
Nota general Apéndice legislativo.
500 ## - NOTA GENERAL
Nota general Índices.
504 ## - NOTA DE BIBLIOGRAFÍA, ETC.
Nota de bibliografía, etc. Bibliografía: p. [463]-498.
530 ## - NOTA DISPONIBLE DE FORMULARIO FÍSICO ADICIONAL
Nota de formato físico adicional disponible En cub.: E-book.
650 #7 - PUNTO DE ACCESO ADICIONAL DE MATERIA--TÉRMINO DE MATERIA
Término de materia o nombre geográfico como elemento de entrada Víctimas de delitos.
9 (RLIN) 152592
830 0# - PUNTO DE ACCESO ADICIONAL DE SERIE-TÍTULO UNIFORME
Título uniforme Tirant monografías ;
Designación de volumen o secuencia 994
9 (RLIN) 225368
852 ## - LOCALIZACIÓN
Ubicación ES-MaACL
Número de control de estantería A-13962
itemnumber 193260
Sublocalización o colección R.151201
Ubicación en estantería Depósito 1
Signatura antigua Olim: N-6962
942 ## - ELEMENTOS DE ENTRADA SECUNDARIOS (KOHA)
Fuente del sistema de clasificación o colocación Clasificación decimal universal
Holdings
Estatus retirado Estado de pérdida Fuente del sistema de clasificación o colocación Estado de daño No para préstamo Biblioteca de origen Biblioteca actual Ubicación en estantería Fecha de adquisición Fuente de adquisición Total de préstamos Signatura topográfica completa Código de barras Visto por última vez Precio de reemplazo Tipo de ítem Koha
    Clasificación decimal universal     Biblioteca del Ateneo de Madrid Biblioteca del Ateneo de Madrid Depósito 1 19/09/2016 Donación   A-13962 1196319 23/02/2023 23/02/2023 Libro impreso